Cristo en nuestro prójimo /

Shranjeno v:
Bibliografske podrobnosti
Glavni avtor: Léger, Paul (autor)
Format: Knjiga
Jezik:španščina
Izdano: Madrid, España : Ediciones Paulinas, 1968, c1968
Serija:(Temas Candentes ; 7)
Teme:
Oznake: Označite
Brez oznak, prvi označite!

MARC

LEADER 00000nam^a2200000^a^4500
001 000182364
005 20250521000000.0
009 20260310102004.038
037 |a Acervo ITESO - Biblioteca 
041 |a ESP 
082 |a 248. 6  |b LEG 
100 |a Léger, Paul  |e (autor) 
245 1 0 |a Cristo en nuestro prójimo /  |c P. Léger ; tr. por Juan Antonio Arranz. 
264 4 |a Madrid, España :  |b Ediciones Paulinas,  |c 1968, c1968 
300 |a 163 p. 
336 |a texto  |b txt  |2 rdacontenido 
337 |a sin mediación  |b n  |2 rdamedio 
338 |a volumen  |b nc  |2 rdasoporte 
440 1 |a (Temas Candentes ;  |v 7) 
500 |a Traducción de: Paroles de vie pour le peuple de Dieu 
649 |a XX 
650 |a Conducta de Vida 
650 |a Vida Cristiana 
650 |a Cristianismo y Sociedad 
650 |a Teología Práctica 
650 |a Iglesia Católica 
650 |a Catolicismo 
650 |a Cristianismo 
650 |a Religión 
910 |a Fondo General 
920 |a Impresos - Libros 
930 |a Colección General 
905 |a 101 
901 |a 0500122307  |b IT1  |c ACC  |u 20250521 
902 |a https://opac.biblio.iteso.mx/vufind/Record/000182364